[Event "Tournoi Skype 020A"]
[Site "Skype"]
[Date "????.??.??"]
[Round "3.18"]
[White "Cossalter, Maurizio"]
[Black "Thoune, Jim"]
[Result "0-1"]
[WhiteElo "1524"]
[BlackElo "1681"]
[PlyCount "62"]

1. e4 e6 2. d4 d5 3. Nc3 Bb4 4. exd5 exd5 5. Qd3 a6 6. Bd2 Nf6 7. f3 O-O 8.
O-O-O Nc6 9. g4 h6 10. Be2 Bd7 11. h4 Ne7 12. g5 Bf5 13. Qe3 Nh7 14. gxh6 g6
15. f4 Bxc3 16. Bxc3 Be4 17. Bf3 Nf5 18. Qe1 Re8 19. Qf2 Nxh6 20. Bxe4 Rxe4 21.
Ne2 Ng4 22. Qf3 Nhf6 23. h5 gxh5 24. Rxh5 Nxh5 25. Qxg4+ Ng7 26. Ng3 Re6 27. f5
Rh6 28. Bd2 Rh4 29. Qg5 Qxg5 30. Bxg5 Rg4 31. f6 Rxg5 0-1

[Event "Tournoi Skype 020A"]
[Site "Skype"]
[Date "????.??.??"]
[Round "3.19"]
[White "Saponara, Jose Maria"]
[Black "Galani, Mahendra"]
[Result "1-0"]
[WhiteElo "1649"]
[BlackElo "1482"]
[PlyCount "105"]

1. e4 e5 2. Nf3 d6 3. d4 exd4 4. Qxd4 a6 5. Bf4 Nc6 6. Qe3 Nf6 7. Nc3 Ng4 8.
Qd2 Be6 9. Ng5 Be7 10. h3 Nf6 11. Nxe6 fxe6 12. Bc4 Qd7 13. O-O Na5 14. Be2 O-O
15. Rad1 e5 16. Be3 Nc6 17. Bc4+ Kh8 18. a3 b5 19. Ba2 b4 20. axb4 Nxb4 21. Bb3
Qe8 22. f3 a5 23. Ne2 Qg6 24. c3 Na6 25. Qe1 Nc5 26. Bxc5 dxc5 27. Ng3 Rab8 28.
Nf5 Bd8 29. Bc4 Rxb2 30. Rf2 Rb8 31. Rfd2 Nh5 32. Qf2 Nf4 33. Kh2 Bg5 34. Rd7
Bf6 35. Rxc7 Nh5 36. Rdd7 Qg5 37. Nd6 Qf4+ 38. g3 Qh6 39. Nf7+ Rxf7 40. Bxf7
Bd8 41. Rb7 Rc8 42. Bxh5 Qxh5 43. Rxg7 Qh6 44. Rxh7+ Qxh7 45. Rxh7+ Kxh7 46. f4
exf4 47. gxf4 a4 48. Qa2 Ra8 49. Qf7+ Kh8 50. Qf8+ Kh7 51. f5 a3 52. f6 a2 53.
Qg7# 1-0

[Event "Tournoi Skype 020A"]
[Site "Skype"]
[Date "????.??.??"]
[Round "3.20"]
[White "Trivedi, Viral"]
[Black "L'Herbon De Lussats, Jean"]
[Result "1-0"]
[WhiteElo "1619"]
[BlackElo "1481"]
[PlyCount "93"]

1. e4 e6 2. d4 d5 3. Nd2 c5 4. c3 cxd4 5. cxd4 Nc6 6. Ngf3 Bb4 7. a3 Ba5 8. b4
Bb6 9. Nb3 Nge7 10. exd5 Nxd5 11. Bd3 O-O 12. Qc2 g6 13. h4 a5 14. h5 axb4 15.
hxg6 fxg6 16. Bxg6 Nf6 17. Bxh7+ Kf7 18. Qg6+ Ke7 19. Bg5 Nxd4 20. Nfxd4 Bxd4
21. O-O-O Qc7+ 22. Kb1 Bc3 23. Bg8 Bd7 24. Rh7+ Kd8 25. Rdxd7+ Qxd7 26. Rxd7+
Kxd7 27. Nc5+ Kd6 28. Nxb7+ Kc6 29. Bxf6 Kxb7 30. Bxc3 bxc3 31. Bxe6 Rfb8 32.
Bd5+ Kc7+ 33. Kc2 Rxa3 34. Qc6+ Kd8 35. Qd6+ Kc8 36. Be6+ Kb7 37. Qxa3 Ra8 38.
Bd5+ Kc7 39. Qxa8 Kd6 40. Kxc3 Ke5 41. Kd3 Kf4 42. Ke2 Ke5 43. Ke3 Kd6 44. Kd4
Ke7 45. Qc6 Kd8 46. Qb7 Ke8 47. Be6 1-0

[Event "Tournoi Skype 020A"]
[Site "Skype"]
[Date "????.??.??"]
[Round "3.21"]
[White "Yeter, Orhan"]
[Black "Alvarez, Juan Evangelista"]
[Result "0-1"]
[WhiteElo "1611"]
[BlackElo "1434"]
[PlyCount "106"]

1. e4 Nf6 2. e5 Nd5 3. d4 d6 4. Bc4 Nb6 5. Bb3 dxe5 6. dxe5 Qxd1+ 7. Kxd1 Nc6
8. Bf4 Bf5 9. Nf3 O-O-O+ 10. Ke2 h6 11. a4 Nd4+ 12. Nxd4 Rxd4 13. Be3 Re4 14.
a5 Nc4 15. Bxc4 Rxc4 16. c3 f6 17. Bxa7 Re4+ 18. Be3 Rxe5 19. Rd1 e6 20. f4
Bg4+ 21. Kf2 Rxe3 22. Kxe3 Bxd1 23. Nd2 Bc5+ 24. Ke4 Bc2+ 25. Kf3 Rd8 26. Nc4
Bb3 27. Na3 Rd2 28. Nb5 Bd5+ 29. Kg4 Rxg2+ 30. Kh3 Rxb2 31. a6 Rxb5 32. a7 Bxa7
33. Rxa7 Rb3 34. Ra8+ Kd7 35. Rg8 Rxc3+ 36. Kg4 f5+ 37. Kh4 g5+ 38. fxg5 hxg5+
39. Kxg5 b5 40. Rg7+ Kd6 41. h4 Ke5 42. Rd7 Rg3+ 43. Kh6 c5 44. Rc7 c4 45. Rc5
b4 46. Rb5 b3 47. Rb4 c3 48. h5 c2 49. Rh4 Kf6 50. Kh7 c1=Q 51. h6 Qc7+ 52. Kh8
e5 53. h7 Qg7# 0-1

[Event "Tournoi Skype 020A"]
[Site "Skype"]
[Date "????.??.??"]
[Round "3.22"]
[White "Khetre, Gaurav"]
[Black "Murolo, Antonio"]
[Result "1-0"]
[WhiteElo "1519"]
[BlackElo "1602"]
[PlyCount "69"]

1. d4 Nf6 2. c4 e6 3. g3 d5 4. Bg2 c6 5. b3 Na6 6. Nf3 Nc7 7. O-O Be7 8. Ne5
O-O 9. Nc3 dxc4 10. bxc4 Rb8 11. Qd3 c5 12. d5 exd5 13. cxd5 Bd6 14. f4 Re8 15.
Nc4 Bg4 16. e4 Bh5 17. e5 Bg6 18. Qd1 Bxe5 19. fxe5 Nd7 20. Bf4 b5 21. Nd6 Re7
22. Re1 b4 23. Na4 Na6 24. Nb2 Nb6 25. Nb5 Rd7 26. d6 Bf5 27. Nxa7 Rxa7 28. Rc1
Rc8 29. Qd2 Be6 30. Nd3 c4 31. Nxb4 c3 32. Qd4 Rc4 33. Nc6 Qd7 34. Qxb6 Rxc6
35. Bxc6 1-0

[Event "Tournoi Skype 020A"]
[Site "Skype"]
[Date "????.??.??"]
[Round "3.25"]
[White "Gharbi, Said"]
[Black "Leyton Calderon, Jairo Oswaldo"]
[Result "0-1"]
[WhiteElo "1653"]
[BlackElo "1540"]
[PlyCount "76"]

1. e4 e5 2. d4 exd4 3. c3 dxc3 4. Bc4 Nc6 5. Qb3 d5 6. Bxd5 Be6 7. Bxe6 fxe6 8.
Qxe6+ Qe7 9. Qxe7+ Bxe7 10. Nxc3 O-O-O 11. Nd5 Bb4+ 12. Nxb4 Nxb4 13. Ke2 Nc2
14. Rb1 Ne7 15. Bg5 Rhe8 16. Rc1 Nd4+ 17. Ke1 h6 18. Bf4 Nec6 19. f3 g5 20. Bg3
Ne5 21. Bxe5 Rxe5 22. Kf2 Ne6 23. Ne2 Rd2 24. Rb1 Nf4 25. Rhe1 Nd3+ 26. Ke3
Nxe1 27. Kxd2 Nxg2 28. Ng3 Nh4 29. Rd1 Nxf3+ 30. Ke3 Nxh2 31. Rh1 Ng4+ 32. Kf3
Nf6 33. Rxh6 Ne8 34. Nh5 Kd7 35. Ke3 Nd6 36. Nf6+ Kc6 37. Kd4 Re6 38. e5 Nf5+
0-1

[Event "Tournoi Skype 020A"]
[Site "Skype"]
[Date "????.??.??"]
[Round "3.26"]
[White "Mitrani, Alberto"]
[Black "Prasad Singh, Ambika"]
[Result "0-1"]
[WhiteElo "1538"]
[BlackElo "1648"]
[PlyCount "50"]

1. c4 c5 2. g3 Nc6 3. Bg2 d6 4. d3 Bd7 5. Nf3 Qc7 6. Nc3 a6 7. O-O e6 8. a3 Nf6
9. e4 Be7 10. Rb1 O-O 11. b4 cxb4 12. axb4 b5 13. cxb5 Nxb4 14. Rxb4 Qxc3 15.
Rc4 Qxc4 16. dxc4 axb5 17. Bg5 bxc4 18. e5 Nd5 19. Bxe7 Nxe7 20. Qxd6 Bb5 21.
Qxe7 c3 22. Rc1 c2 23. Rxc2 Ra1+ 24. Bf1 Bxf1 25. Rd2 Bh3+ 0-1

[Event "Tournoi Skype 020A"]
[Site "Skype"]
[Date "????.??.??"]
[Round "3.27"]
[White "Yardimci, Ertan"]
[Black "Perez Fermin, Jose"]
[Result "0-1"]
[WhiteElo "1495"]
[BlackElo "1626"]
[PlyCount "47"]

1. d4 Nf6 2. c4 d5 3. Nc3 c6 4. Bg5 Nbd7 5. Nf3 g6 6. cxd5 cxd5 7. Qb3 e6 8. e3
a6 9. Be2 Bg7 10. O-O O-O 11. Rac1 b5 12. a4 bxa4 13. Nxa4 Rb8 14. Qa3 Qa5 15.
Bf4 Rb7 16. Nc5 Qxa3 17. bxa3 Rb2 18. Nxd7 Nxd7 19. Rfe1 Re8 20. Ne5 Nxe5 21.
Bxe5 Bf8 22. Ra1 Bb7 23. Bc7 Rc8 24. Bb6 0-1

[Event "Tournoi Skype 020A"]
[Site "Skype"]
[Date "????.??.??"]
[Round "4.1"]
[White "Martine, Jean-Christophe"]
[Black "Ricieri, Vinicius"]
[Result "1-0"]
[WhiteElo "2172"]
[BlackElo "1818"]
[PlyCount "59"]

1. d4 Nf6 2. Nd2 d5 3. Ngf3 g6 4. e3 Bg7 5. c4 O-O 6. b3 c5 7. Bb2 Nc6 8. dxc5
dxc4 9. Bxc4 Qa5 10. Qc1 e6 11. Be2 Nd7 12. Bxg7 Kxg7 13. O-O Qxc5 14. Nc4 Nb6
15. Nce5 Qxc1 16. Raxc1 Nxe5 17. Nxe5 f6 18. Nd3 e5 19. Bf3 Rf7 20. Nc5 f5 21.
e4 f4 22. Rfd1 g5 23. h3 Kg6 24. Rd6+ Rf6 25. Bh5+ Kg7 26. Nxb7 Rxd6 27. Nxd6
Be6 28. Ne8+ Kh6 29. Rc6 Kxh5 30. Rxe6 1-0

[Event "Tournoi Skype 020A"]
[Site "Skype"]
[Date "????.??.??"]
[Round "4.2"]
[White "Siret, Bernard"]
[Black "Benson, Paul"]
[Result "1-0"]
[WhiteElo "1714"]
[BlackElo "2059"]
[PlyCount "51"]

1. e4 e6 2. d4 d5 3. Be3 Nf6 4. e5 Nfd7 5. Nf3 c5 6. c3 Nc6 7. Bd3 Be7 8. O-O
cxd4 9. cxd4 O-O 10. a3 f6 11. exf6 Bxf6 12. Nc3 a6 13. Qc2 h6 14. Rac1 Qe7 15.
Rfe1 Qd6 16. Qd2 e5 17. Bxh6 exd4 18. Nxd5 Nde5 19. Bf4 Nxf3+ 20. gxf3 Be5 21.
Rxc6 bxc6 22. Bxe5 Qxd5 23. Qg5 Rf7 24. Qh5 Qxf3 25. Qh7+ Kf8 26. Bd6+ 1-0

[Event "Tournoi Skype 020A"]
[Site "Skype"]
[Date "????.??.??"]
[Round "4.3"]
[White "Rico Hernandez, Edgar"]
[Black "Segura Lozano, Marcos Antonio"]
[Result "1-0"]
[WhiteElo "1884"]
[BlackElo "1772"]
[PlyCount "113"]

1. d4 Nf6 2. c4 g6 3. Nc3 Bg7 4. e4 d6 5. Nf3 O-O 6. Be2 Nbd7 7. O-O c6 8. Be3
Ng4 9. Bd2 h6 10. h3 Ngf6 11. Rc1 a5 12. Be3 Qc7 13. Qd2 Kh7 14. Rfd1 Rd8 15.
Qc2 Nf8 16. Na4 N6d7 17. Qb3 e6 18. Bd3 c5 19. dxc5 dxc5 20. Bb1 b6 21. Rd2 Rb8
22. Nc3 Ba6 23. Rcd1 Ne5 24. Nxe5 Bxe5 25. Na4 Rxd2 26. Rxd2 Nd7 27. Qd3 Rd8
28. b3 Bb7 29. Nc3 Bc6 30. Bc2 Bf6 31. Nb5 Bxb5 32. cxb5 Nf8 33. Qe2 Rxd2 34.
Bxd2 Bd4 35. Be3 e5 36. Bd3 Ne6 37. Bc4 Nf4 38. Qf3 Kg7 39. Kh2 Qe7 40. g3 Bxe3
41. Qxe3 Ne6 42. Qf3 Nd4 43. Qg4 Qd6 44. Kg2 h5 45. Qg5 f6 46. Qe3 Qe7 47. Bd5
Qd6 48. Qd3 Qe7 49. Qd2 Qc7 50. Qd1 Qe7 51. f3 Qc7 52. Qe1 Qe7 53. g4 Qc7 54.
gxh5 gxh5 55. Qg3+ Kh7 56. Qg8+ Kh6 57. Bf7 1-0

[Event "Tournoi Skype 020A"]
[Site "Skype"]
[Date "????.??.??"]
[Round "4.4"]
[White "Jacquelin, Norbert"]
[Black "Hilton, Stephen"]
[Result "1/2-1/2"]
[WhiteElo "1822"]
[BlackElo "1885"]
[PlyCount "78"]

1. c4 g6 2. g3 Bg7 3. Bg2 e5 4. Nc3 Nf6 5. Nf3 Nc6 6. d3 O-O 7. Bg5 h6 8. Bxf6
Qxf6 9. O-O d6 10. Nd2 Bd7 11. Nd5 Qd8 12. Ne4 f5 13. Nec3 a6 14. Qd2 Rb8 15.
f4 Nd4 16. e3 Ne6 17. Ne2 c6 18. Ndc3 Qb6 19. Kh1 Rbd8 20. Rab1 Rde8 21. e4
fxe4 22. dxe4 Nd4 23. Nxd4 exd4 24. Ne2 c5 25. Rbe1 Bc6 26. Nc1 Qd8 27. Nd3 b5
28. b3 Qa8 29. e5 dxe5 30. fxe5 Rxf1+ 31. Rxf1 bxc4 32. bxc4 Bxe5 33. Re1 Bd6
34. Bxc6 Qxc6+ 35. Kg1 Bf8 36. Rxe8 Qxe8 37. Kf2 Qe4 38. Qe2 Qxe2+ 39. Kxe2 Bd6
1/2-1/2

[Event "Tournoi Skype 020A"]
[Site "Skype"]
[Date "????.??.??"]
[Round "4.5"]
[White "Deville, Olivier"]
[Black "Saponara, Jose Maria"]
[Result "1-0"]
[WhiteElo "2010"]
[BlackElo "1649"]
[PlyCount "67"]

1. c4 c6 2. Nc3 Nf6 3. Nf3 e6 4. e3 d5 5. b3 Be7 6. Bb2 O-O 7. Qc2 Re8 8. Be2
Nbd7 9. Rg1 e5 10. g4 Nc5 11. Nxe5 d4 12. exd4 Qxd4 13. Nd5 Qe4 14. Qxe4 Ncxe4
15. Nc7 Bd6 16. Nxe8 Nxe8 17. Bf3 Ng5 18. Ke2 f6 19. h4 Bxe5 20. Bxe5 Nxf3 21.
Kxf3 fxe5 22. Rae1 e4+ 23. Rxe4 Nf6 24. Re7 Bxg4+ 25. Rxg4 Nxg4 26. Kxg4 Rd8
27. Rxb7 Rxd2 28. Rxa7 Rxf2 29. a4 Rb2 30. Rb7 c5 31. Kf5 Rf2+ 32. Ke5 Rh2 33.
a5 Rxh4 34. a6 1-0

[Event "Tournoi Skype 020A"]
[Site "Skype"]
[Date "????.??.??"]
[Round "4.7"]
[White "Loayza, Juan Antonio"]
[Black "Trivedi, Viral"]
[Result "1-0"]
[WhiteElo "1877"]
[BlackElo "1619"]
[PlyCount "41"]

1. e4 c6 2. d4 d5 3. Nc3 dxe4 4. Nxe4 Bf5 5. Ng3 Bg6 6. Nf3 h6 7. Bd3 Bxd3 8.
Qxd3 Nf6 9. O-O e6 10. c4 c5 11. Rd1 Nbd7 12. d5 exd5 13. Re1+ Be7 14. Nf5 Ne4
15. Qxd5 Ndf6 16. Qxb7 O-O 17. Qxe7 Qc8 18. Qxe4 Nxe4 19. Ne7+ Kh8 20. Nxc8
Raxc8 21. Rxe4 1-0

[Event "Tournoi Skype 020A"]
[Site "Skype"]
[Date "????.??.??"]
[Round "4.8"]
[White "Dal, Ibrahim"]
[Black "Carballo, Jorge"]
[Result "1-0"]
[WhiteElo "1869"]
[BlackElo "1540"]
[PlyCount "83"]

1. d4 Nf6 2. c4 d5 3. Nf3 e6 4. Bg5 c5 5. cxd5 exd5 6. Nc3 Nc6 7. g3 cxd4 8.
Nxd4 Nxd4 9. Qxd4 Be7 10. Bg2 Be6 11. O-O O-O 12. Rfd1 h6 13. Be3 Qd7 14. Nxd5
Nxd5 15. Bxd5 Bf6 16. Qc4 b5 17. Qb3 Bxd5 18. Rxd5 Qe6 19. Rxb5 Qxb3 20. Rxb3
Rab8 21. Bxa7 Rxb3 22. axb3 Ra8 23. Ra4 Bxb2 24. e3 Rc8 25. Rc4 Rd8 26. Bd4 Ba3
27. b4 Rb8 28. Bc3 Rb5 29. Kf1 g5 30. Ke2 Rd5 31. Rd4 Rf5 32. e4 Rb5 33. g4 Kh7
34. Kd3 Bc1 35. Kc4 Rb8 36. b5 Bf4 37. h3 Kg6 38. Kb4 Be5 39. Rd5 Bh2 40. Rf5
Bd6+ 41. Kb3 Ra8 42. Rf6+ 1-0

[Event "Tournoi Skype 020A"]
[Site "Skype"]
[Date "????.??.??"]
[Round "4.9"]
[White "Thoune, Jim"]
[Black "Lambert, Pierre"]
[Result "1-0"]
[WhiteElo "1681"]
[BlackElo "1867"]
[PlyCount "57"]

1. d4 Nf6 2. c4 e6 3. Nc3 d5 4. e3 c6 5. Nf3 Bd6 6. Bd3 O-O 7. O-O Nbd7 8. cxd5
exd5 9. e4 dxe4 10. Nxe4 Nxe4 11. Bxe4 Nf6 12. Bc2 Qc7 13. h3 Re8 14. Re1 Bd7
15. Bg5 Rxe1+ 16. Qxe1 Re8 17. Qb1 Nd5 18. Bxh7+ Kh8 19. a3 Bf4 20. Qc2 Qd6 21.
Bxf4 Qxf4 22. Ne5 Be6 23. Re1 Qg5 24. Be4 Nf4 25. Re3 Kg8 26. Rg3 Qe7 27. Qd2
Nh5 28. Qh6 Qh4 29. Rxg7+ 1-0

[Event "Tournoi Skype 020A"]
[Site "Skype"]
[Date "????.??.??"]
[Round "4.10"]
[White "Karia, Vijay"]
[Black "Khetre, Gaurav"]
[Result "1-0"]
[WhiteElo "1820"]
[BlackElo "1519"]
[PlyCount "47"]

1. e4 e6 2. Nc3 d5 3. Nf3 Nf6 4. e5 Nfd7 5. d4 c5 6. dxc5 Bxc5 7. Bd3 Nc6 8.
Bf4 Qb6 9. O-O Qxb2 10. Nb5 O-O 11. Bd2 Bb4 12. Qe2 Bxd2 13. Rfb1 Qxa1 14. Rxa1
Bf4 15. Rb1 Bxe5 16. Nxe5 Ndxe5 17. Nd6 b6 18. f4 Nd7 19. Qh5 Nf6 20. Qh4 Bd7
21. g4 Nd4 22. Rf1 h6 23. g5 Ne4 24. gxh6 1-0

[Event "Tournoi Skype 020A"]
[Site "Skype"]
[Date "????.??.??"]
[Round "4.11"]
[White "Le Brun, Yves"]
[Black "Engstrom, Olle"]
[Result "0-1"]
[WhiteElo "1516"]
[BlackElo "1791"]
[PlyCount "22"]

1. d4 Nf6 2. Nf3 e6 3. Bf4 d5 4. e3 c5 5. c3 Nc6 6. Bd3 Be7 7. Ne5 Qb6 8. Qc2
Ne4 9. Nd2 f5 10. f3 g5 11. Be2 gxf4 0-1

[Event "Tournoi Skype 020A"]
[Site "Skype"]
[Date "????.??.??"]
[Round "4.12"]
[White "Perrone, Gabriel Lorenzo"]
[Black "Montenegro, Juan Carlos"]
[Result "0-1"]
[WhiteElo "1453"]
[BlackElo "1737"]
[PlyCount "78"]

1. d4 Nf6 2. c4 g6 3. Nc3 Bg7 4. Nf3 O-O 5. e4 d6 6. Be2 Na6 7. O-O c5 8. d5
Nc7 9. h3 e6 10. Bg5 h6 11. Bxf6 Bxf6 12. Qd2 Bg7 13. Rfe1 e5 14. a3 a6 15. b4
b6 16. Rab1 Bd7 17. a4 Ra7 18. b5 a5 19. Nh2 f5 20. Bf3 Ne8 21. Ne2 Nf6 22. Ng3
fxe4 23. Nxe4 Bf5 24. Nxf6+ Qxf6 25. Be4 Raf7 26. Rb2 Bxe4 27. Rxe4 Qf5 28. Qe2
h5 29. Nf3 Bh6 30. Nh4 Qg5 31. Qe1 Rf4 32. Nf3 Rxf3 33. Kf1 Ra3 34. Qd1 Rxa4
35. h4 Qc1 36. Re1 Qxb2 37. Re2 Qa1 38. Re1 Qxd1 39. Rxd1 Rxc4 0-1

[Event "Tournoi Skype 020A"]
[Site "Skype"]
[Date "????.??.??"]
[Round "4.13"]
[White "Alvarez, Juan Evangelista"]
[Black "Mulrooney, Justin"]
[Result "1-0"]
[WhiteElo "1434"]
[BlackElo "1714"]
[PlyCount "33"]

1. Nf3 Nc6 2. d4 Nf6 3. Qd3 d5 4. Bg5 e6 5. Nbd2 Nb4 6. Qb3 a5 7. a4 Be7 8. c3
Na6 9. O-O-O O-O 10. Bxf6 Bxf6 11. e4 c5 12. exd5 exd5 13. Bxa6 Rxa6 14. dxc5
Bg5 15. Kb1 Qc7 16. Qxd5 Rd8 17. Qxg5 1-0

[Event "Tournoi Skype 020A"]
[Site "Skype"]
[Date "????.??.??"]
[Round "4.14"]
[White "Ibarra Cantu, Raul Alberto"]
[Black "Murgia, Stefano"]
[Result "1-0"]
[WhiteElo "2015"]
[BlackElo "1681"]
[PlyCount "27"]

1. e4 d6 2. d4 f5 3. Nc3 Nf6 4. Bd3 fxe4 5. Nxe4 Nc6 6. c3 Nxe4 7. Bxe4 g6 8.
Be3 Bg7 9. Qd2 O-O 10. Ne2 Qe8 11. O-O e5 12. Bd5+ Be6 13. Bxe6+ Qxe6 14. d5
1-0

[Event "Tournoi Skype 020A"]
[Site "Skype"]
[Date "????.??.??"]
[Round "4.15"]
[White "Mas, Philippe"]
[Black "Duthoit, Bernard"]
[Result "1-0"]
[WhiteElo "1800"]
[BlackElo "1539"]
[PlyCount "57"]

1. e4 e6 2. d4 d5 3. Nc3 dxe4 4. Nxe4 Nc6 5. Nf3 Be7 6. c3 Nf6 7. Bd3 O-O 8.
O-O b6 9. Re1 Bb7 10. Qc2 g6 11. Bf4 Nxe4 12. Bxe4 Bf6 13. Rad1 Qe7 14. Ne5 Nd8
15. b4 Bxe4 16. Qxe4 Rb8 17. a4 Bxe5 18. Bxe5 f5 19. Qf4 Rc8 20. Qe3 Nf7 21.
Qd2 Rcd8 22. Qe2 Nxe5 23. Qxe5 Rd6 24. Rd2 Qf6 25. Rde2 Qxe5 26. Rxe5 Kf7 27.
f4 c6 28. Kf2 Rd5 29. Rxe6 1-0

[Event "Tournoi Skype 020A"]
[Site "Skype"]
[Date "????.??.??"]
[Round "4.17"]
[White "Hague, Mark"]
[Black "Legueltel, Daniel"]
[Result "0-1"]
[WhiteElo "1502"]
[BlackElo "1775"]
[PlyCount "56"]

1. b3 Nf6 2. Bb2 d5 3. e3 Bf5 4. d3 e6 5. h3 h6 6. g4 Bh7 7. Bg2 Nbd7 8. Nd2
Be7 9. Ne2 O-O 10. Ng3 c5 11. c4 Bxd3 12. cxd5 exd5 13. Rc1 Qb6 14. Bf1 Bxf1
15. Ndxf1 Rfd8 16. Nf5 Bf8 17. h4 Qe6 18. N1g3 g6 19. g5 gxf5 20. gxf6 Nxf6 21.
Rxc5 Bxc5 22. e4 Nxe4 23. Nxe4 Qxe4+ 24. Kd2 Bxf2 25. Rg1+ Bxg1 26. Qxg1+ Qg4
27. Qh2 Re8 28. Be5 Re6 0-1

[Event "Tournoi Skype 020A"]
[Site "Skype"]
[Date "????.??.??"]
[Round "4.18"]
[White "Aranzubia, Desiderio"]
[Black "Martinez, Jose Abel"]
[Result "0-1"]
[WhiteElo "1565"]
[BlackElo "1700"]
[PlyCount "106"]

1. d4 e6 2. c4 f5 3. e3 Nf6 4. Nc3 Be7 5. Nf3 c6 6. d5 cxd5 7. cxd5 Nxd5 8.
Nxd5 exd5 9. Qxd5 d6 10. Bb5+ Nd7 11. Qxf5 a6 12. Bc4 Nf6 13. Qc2 d5 14. Be2
O-O 15. O-O Bd7 16. Ne5 Be6 17. Rd1 Rc8 18. Qb3 Qc7 19. g3 Qxe5 20. Qxb7 Rc7
21. Qxa6 Bd6 22. f4 Qe4 23. Bd3 Qb4 24. a3 Qc5 25. b4 Qc6 26. Qxc6 Rxc6 27. Bd2
Rfc8 28. Rac1 Rxc1 29. Rxc1 Rxc1+ 30. Bxc1 Ne4 31. Kf1 Kf8 32. Ke2 Bg4+ 33. Ke1
Ke7 34. b5 Nc5 35. Bxh7 Nb3 36. Bb2 Bc5 37. Bxg7 Bxe3 38. h4 d4 39. Bc2 Na5 40.
Bd3 Nb7 41. b6 Nc5 42. Be2 Bc8 43. Bf3 d3 44. Bc3 Nb7 45. a4 Bxb6 46. a5 Nxa5
47. h5 Bf5 48. g4 Bh7 49. g5 Nb3 50. g6 Bg8 51. h6 Be3 52. g7 d2+ 53. Kd1 Bxf4
0-1

[Event "Tournoi Skype 020A"]
[Site "Skype"]
[Date "????.??.??"]
[Round "4.21"]
[White "Prasad Singh, Ambika"]
[Black "Sauvaget, Joel"]
[Result "1-0"]
[WhiteElo "1648"]
[BlackElo "1580"]
[PlyCount "89"]

1. e4 e5 2. Nf3 d6 3. h3 Nf6 4. Nc3 Nc6 5. Bc4 h6 6. O-O Be7 7. d4 exd4 8. Nxd4
Bd7 9. Be3 O-O 10. a3 a6 11. Bb3 Nh7 12. Nd5 Bg5 13. f4 Bf6 14. Nxf6+ Nxf6 15.
Qd3 Re8 16. Nxc6 Bxc6 17. e5 dxe5 18. fxe5 Qxd3 19. cxd3 Rxe5 20. Bd4 Re2 21.
Rf2 Rxf2 22. Kxf2 Nh5 23. Be5 Rd8 24. Rd1 Rd7 25. d4 Nf6 26. Bxf6 gxf6 27. d5
Bxd5 28. Rxd5 Rxd5 29. Bxd5 c6 30. Ba2 Kg7 31. Ke3 Kg6 32. Kd4 b6 33. Bb1+ Kg7
34. Be4 c5+ 35. Kd5 Kf8 36. Kc6 Ke7 37. Kxb6 Kd6 38. Kxa6 Ke5 39. Bf3 Kd4 40.
Kb7 Kc4 41. a4 Kb3 42. Bd1+ Kxb2 43. a5 Kc1 44. Ba4 c4 45. a6 1-0

[Event "Tournoi Skype 020A"]
[Site "Skype"]
[Date "????.??.??"]
[Round "4.22"]
[White "Perez Fermin, Jose"]
[Black "Cossalter, Maurizio"]
[Result "0-1"]
[WhiteElo "1626"]
[BlackElo "1524"]
[PlyCount "36"]

1. e4 e5 2. Bc4 Nf6 3. Nc3 Nc6 4. Nf3 Bb4 5. Ng5 O-O 6. Qe2 h6 7. Nf3 Bxc3 8.
dxc3 d5 9. exd5 Nxd5 10. h3 Re8 11. Be3 Nf4 12. Qf1 Bf5 13. Rd1 Qe7 14. Rd2
Rad8 15. Bb3 Na5 16. Rg1 Nxb3 17. cxb3 Rxd2 18. Bxd2 Bd3 0-1

[Event "Tournoi Skype 020A"]
[Site "Skype"]
[Date "????.??.??"]
[Round "4.23"]
[White "Alvarez, Rafael Andres"]
[Black "Meaney, Mike"]
[Result "1-0"]
[WhiteElo "1611"]
[BlackElo "1491"]
[PlyCount "67"]

1. d4 Nf6 2. Bf4 e6 3. e3 d5 4. Nf3 Bd6 5. Ne5 Bxe5 6. dxe5 Ne4 7. Nd2 Nxd2 8.
Qxd2 a6 9. O-O-O Bd7 10. Qb4 Qc8 11. Bg5 Nc6 12. Qg4 Nxe5 13. Qf4 Ng6 14. Qd4
f6 15. Bxf6 gxf6 16. Qxf6 Rf8 17. Qg7 Qd8 18. f4 Bb5 19. Qxh7 Qf6 20. Qxc7 Bc6
21. h4 Rf7 22. Qb6 a5 23. a3 Ne7 24. g4 Nc8 25. Qc5 a4 26. Bd3 Ra6 27. h5 Ra7
28. Bg6 Ra6 29. Bxf7+ Kxf7 30. h6 Rb6 31. c3 Rb5 32. Qd4 Qxd4 33. exd4 Nd6 34.
h7 1-0

[Event "Tournoi Skype 020A"]
[Site "Skype"]
[Date "????.??.??"]
[Round "4.24"]
[White "L'Herbon De Lussats, Jean"]
[Black "Yeter, Orhan"]
[Result "1/2-1/2"]
[WhiteElo "1481"]
[BlackElo "1611"]
[PlyCount "154"]

1. e4 e5 2. c4 Nf6 3. Nc3 Be7 4. Nf3 Nc6 5. Be2 O-O 6. O-O Re8 7. d4 exd4 8.
Nxd4 d6 9. Nxc6 bxc6 10. Bf3 Bb7 11. b4 a5 12. b5 cxb5 13. Nxb5 Bxe4 14. Nc3
Bxf3 15. Qxf3 Qd7 16. Qg3 Qg4 17. Qd3 Rad8 18. h3 Qd7 19. a4 d5 20. Rd1 c6 21.
Bb2 Bc5 22. cxd5 cxd5 23. Nb5 Ne4 24. Bd4 Qc8 25. Rac1 Re6 26. Rc2 Rc6 27. Rdc1
Qf5 28. Qe3 Rdc8 29. Bxc5 Rxc5 30. Rxc5 Nxc5 31. Nd6 d4 32. Nxf5 dxe3 33. Nxe3
Kf8 34. Nd5 Ke8 35. Nb6 Rc6 36. Nd5 Kd7 37. g4 Nxa4 38. Ra1 Rc5 39. Rd1 Kc6 40.
Nf4 Nb2 41. Rb1 Rc2 42. Kg2 a4 43. Nd3 Kb5 44. Nxb2 a3 45. Nd3+ Kc4 46. Ne1 a2
47. Nxc2 axb1=Q 48. Na3+ Kd4 49. Nxb1 Ke4 50. Nd2+ Kf4 51. Nf3 f5 52. gxf5 Kxf5
53. Kg3 g5 54. Nd4+ Ke4 55. Ne6 Kf5 56. Nd4+ Ke4 57. Nf3 Kf5 58. Nd2 h5 59. f3
Kf6 60. Nf1 Kf5 61. Ne3+ Kf6 62. h4 gxh4+ 63. Kxh4 Kg6 64. Ng2 Kf5 65. f4 Kg6
66. Ne3 Kh6 67. f5 Kg7 68. Kxh5 Kf6 69. Kg4 Kf7 70. Kg5 Kg7 71. f6+ Kf7 72. Nf5
Kf8 73. Kg6 Kg8 74. Nh6+ Kf8 75. f7 Ke7 76. Kg7 Ke6 77. f8=Q Ke5 1/2-1/2

[Event "Tournoi Skype 020A"]
[Site "Skype"]
[Date "????.??.??"]
[Round "4.25"]
[White "Murolo, Antonio"]
[Black "Galani, Mahendra"]
[Result "1-0"]
[WhiteElo "1602"]
[BlackElo "1482"]
[PlyCount "55"]

1. d4 d5 2. Bf4 Nf6 3. e3 Ne4 4. Nf3 Nd7 5. Nbd2 Ndf6 6. Be2 e6 7. Nxe4 dxe4 8.
Nd2 Bb4 9. c3 Ba5 10. Nc4 c6 11. Nd6+ Ke7 12. Nxc8+ Rxc8 13. O-O Qd5 14. Qb3
Qd7 15. Qa3+ Ke8 16. Qxa5 b6 17. Qa4 h5 18. h3 Rg8 19. Qd1 g5 20. Be5 Qe7 21.
Bxf6 Qxf6 22. Bxh5 Qh8 23. f4 exf3 24. Qxf3 Rc7 25. Bxf7+ Rxf7 26. Qxf7+ Kd8
27. Qf6+ Qxf6 28. Rxf6 1-0

[Event "Tournoi Skype 020A"]
[Site "Skype"]
[Date "????.??.??"]
[Round "4.26"]
[White "Gharbi, Said"]
[Black "Mitrani, Alberto"]
[Result "1-0"]
[WhiteElo "1653"]
[BlackElo "1538"]
[PlyCount "45"]

1. e4 d6 2. d4 Nf6 3. Nc3 g6 4. Nf3 Bg7 5. Bc4 c6 6. O-O O-O 7. Re1 Nbd7 8. e5
dxe5 9. dxe5 Ne8 10. e6 fxe6 11. Bxe6+ Kh8 12. Ng5 Nd6 13. Nce4 Nxe4 14. Rxe4
Qe8 15. Rh4 Nf6 16. Bxc8 Rxc8 17. Ne6 Nd5 18. Nxg7 Kxg7 19. Bh6+ Kg8 20. Bxf8
Qxf8 21. Qd4 Qf5 22. c4 c5 23. Qxd5+ 1-0

[Event "Tournoi Skype 020A"]
[Site "Skype"]
[Date "????.??.??"]
[Round "4.27"]
[White "Leyton Calderon, Jairo Oswaldo"]
[Black "Munoz Gonzalez, Martin"]
[Result "1-0"]
[WhiteElo "1540"]
[BlackElo "1505"]
[PlyCount "49"]

1. e4 d6 2. Nf3 Nf6 3. Nc3 g6 4. Bc4 Bg7 5. O-O O-O 6. d4 Nxe4 7. Bxf7+ Rxf7 8.
Nxe4 Bg4 9. Ned2 Bxd4 10. h3 Bxf3 11. Nxf3 Bf6 12. Ng5 Bxg5 13. Bxg5 Rf5 14.
Qd2 Qf8 15. Rae1 Qf7 16. Rxe7 Qxa2 17. Re8+ Rf8 18. Rfe1 Nc6 19. Rxf8+ Rxf8 20.
Bh6 Rf5 21. f4 Qf7 22. Bg5 Kg7 23. Qc3+ Kg8 24. Bh6 Nd8 25. Re8+ 1-0

[Event "Tournoi Skype 020A"]
[Site "Skype"]
[Date "????.??.??"]
[Round "5.1"]
[White "Siret, Bernard"]
[Black "Martine, Jean-Christophe"]
[Result "0-1"]
[WhiteElo "1714"]
[BlackElo "2172"]
[PlyCount "70"]

1. d4 d6 2. e4 Nf6 3. Nc3 c6 4. f3 Qc7 5. Bd3 e5 6. Nge2 Be7 7. g4 b5 8. a3 a6
9. h4 Nbd7 10. h5 Nb6 11. dxe5 dxe5 12. g5 Nfd7 13. Be3 Nc5 14. Qd2 Be6 15. b4
Nxd3+ 16. cxd3 Rd8 17. Qc2 c5 18. Rb1 cxb4 19. axb4 Na4 20. Kf2 Rc8 21. Rhc1
O-O 22. f4 exf4 23. Bxf4 Bd6 24. Bd2 f5 25. exf5 Bxf5 26. Ke1 Bg3+ 27. Kd1 Bg4
28. Qb3+ Qf7 29. g6 Qxb3+ 30. Rxb3 Rf1+ 31. Kc2 Bxe2 32. Rxf1 Bxf1 33. Kd1
Nxc3+ 34. Bxc3 Bxd3 35. gxh7+ Kxh7 0-1